PhysioEx 6.0 para fisiología humana: simulaciones de laboratorio de fisiología

Uloženo v:
Podrobná bibliografie
Hlavní autoři: Stabler, Timothy (Autor), Peterson, Greta (Autor), Smith, Lori (Autor), Gibson, Marcia C (Autor), Zanetti, Nina (Autor)
Médium: Kniha
Jazyk:španělština
Vydáno: Madrid Pearson Educación 2006
Vydání:1a. ed
Témata:
Tagy: Přidat tag
Žádné tagy, Buďte první, kdo vytvoří štítek k tomuto záznamu!

MARC

LEADER 00000cam a2200000 a 4500
001 UCF0030
003 CL-VaPUC
005 20241220155349.0
008 120423e20060000SP |||||||||||||||||spa|d
999 |c 347536  |d 347534 
020 |a 9788478290789 
040 |c Pontificia Universidad Católica de Valparaíso 
082 0 4 |a 612.0011  |b STA  |2 21 
100 0 |a Stabler, Timothy  |e author  |9 561825 
245 1 0 |a PhysioEx 6.0 para fisiología humana: simulaciones de laboratorio de fisiología 
250 |a 1a. ed 
260 |a Madrid  |b Pearson Educación  |c 2006 
300 |a 182 p 
500 |a Incluye Cd-Rom 
583 |a last modification  |c 20120903 04:26:42  |k Rodrigo Vera 
650 0 |a Fisiología humana   |x Cuerpo humano  |v Manual de laboratorio  |9 269557 
650 0 |a Neurofisiología  |9 260988 
650 0 |a Hematología  |9 387312 
650 0 |a Biología celular   |9 341055 
700 0 |a Peterson, Greta  |e author  |9 561826 
700 0 |a Smith, Lori  |e author  |9 561827 
700 0 |a Gibson, Marcia C  |e author  |9 561828 
700 0 |a Zanetti, Nina  |e author  |9 561829 
942 |c BK  |2 ddc 
945 |d 20120423 00:00:00  |a cmena 
952 |0 0  |1 0  |4 0  |6 612_001100000000000_STA_2006  |7 0  |8 A  |9 448945  |a BIBCUR  |b BIBCUR  |d 2019-11-22  |i 4862279  |o 612.0011 STA 2006  |p 4862279  |r 2025-04-22  |w 2019-11-22  |y BK  |k KIN 
952 |0 0  |1 0  |4 0  |6 612_001100000000000_STA_2006  |7 0  |8 A  |9 448946  |a BIBCUR  |b BIBCUR  |d 2019-11-22  |i 4862287  |l 3  |o 612.0011 STA 2006  |p 4862287  |r 2025-04-22  |s 2025-03-14  |w 2019-11-22  |y BK  |k KIN 
952 |0 0  |1 0  |4 0  |6 612_001100000000000_STA_2006  |7 0  |8 A  |9 448947  |a BIBCUR  |b BIBCUR  |d 2019-11-22  |i 4862295  |o 612.0011 STA 2006  |p 4862295  |r 2025-04-22  |w 2019-11-22  |y BK  |k KIN 
952 |0 0  |1 0  |4 0  |6 612_001100000000000_STA_2006  |7 0  |8 A  |9 448948  |a BIBCUR  |b BIBCUR  |d 2019-11-22  |i 4862309  |o 612.0011 STA 2006  |p 4862309  |r 2025-04-22  |w 2019-11-22  |y BK  |k KIN 
952 |0 0  |1 0  |4 0  |6 612_001100000000000_STA_2006  |7 0  |8 A  |9 448949  |a BIBCUR  |b BIBCUR  |d 2019-11-22  |i 4862317  |o 612.0011 STA 2006  |p 4862317  |r 2025-04-22  |w 2019-11-22  |y BK  |k KIN 
952 |0 0  |1 0  |4 0  |6 612_001100000000000_STA_2006  |7 0  |8 A  |9 448950  |a BIBCUR  |b BIBCUR  |d 2019-11-22  |i 4862325  |o 612.0011 STA 2006  |p 4862325  |r 2025-04-22  |w 2019-11-22  |y BK  |k KIN 
952 |0 0  |1 0  |4 0  |6 612_001100000000000_STA_2006  |7 0  |8 A  |9 448951  |a BIBCUR  |b BIBCUR  |d 2019-11-22  |i 4862333  |o 612.0011 STA 2006  |p 4862333  |r 2025-04-22  |w 2019-11-22  |y BK  |k KIN 
952 |0 0  |1 0  |4 0  |6 612_001100000000000_STA_2006  |7 0  |8 A  |9 448952  |a BIBCUR  |b BIBCUR  |d 2019-11-22  |i 4862341  |o 612.0011 STA 2006  |p 4862341  |r 2025-04-22  |w 2019-11-22  |y BK  |k KIN 
952 |0 0  |1 0  |4 0  |6 612_001100000000000_STA_2006  |7 0  |8 A  |9 448953  |a BIBCUR  |b BIBCUR  |d 2019-11-22  |i 486235K  |o 612.0011 STA 2006  |p 486235K  |r 2025-04-22  |w 2019-11-22  |y BK  |k KIN 
952 |0 0  |1 0  |4 0  |6 612_001100000000000_STA_2006  |7 0  |8 A  |9 448954  |a BIBCUR  |b BIBCUR  |d 2019-11-22  |i 4862368  |o 612.0011 STA 2006  |p 4862368  |r 2025-04-22  |w 2019-11-22  |y BK  |k KIN 
952 |0 0  |1 0  |4 0  |6 612_001100000000000_STA_2006  |7 0  |8 A  |9 448955  |a BIBCUR  |b BIBCUR  |d 2019-11-22  |i 4862376  |o 612.0011 STA 2006  |p 4862376  |r 2025-04-22  |w 2019-11-22  |y BK  |k KIN 
952 |0 0  |1 0  |4 0  |6 612_001100000000000_STA_2006  |7 0  |8 A  |9 448956  |a BIBCUR  |b BIBCUR  |d 2019-11-22  |i 4862384  |o 612.0011 STA 2006  |p 4862384  |r 2025-04-22  |w 2019-11-22  |y BK  |k KIN